1154 1451 1782 1729 1291 1393 1919 1447 1458 1389 1213 1342 1739 1555 1474 1609 1933 1667 1185 1948 1587 1691 1845 1303 1449 1790 1725 1699 1516 1568 1926 1619 1236 1572 1681 1898 1859 1773 1727 1006 1768 1838 1929 1956 1791 1434 1700 1574 1339 1357 1665 1287 1844 1227 1135 1746 1030 1394 1120 1403 1873 1627 1891 1509 1347 1249 1120 1536 1597 1535 1998 1634 1864 1987 1378 1896 1226 1824 1724 1347 1198 1082 1133 1283 1382 1462 1099 1408 1124 1948 1784 1754 1366 1128 1911 1160 1072 1428 1862 BCNSPRNW ULIB Ver.6.0+V

เปลี่ยนเป็นภาษาไทย

Change to English
 แสดงรายละเอียดบรรณานุกรม
  กลับหน้าหลัก

Brief Record : Get Marc (ISO 2709) : E-mail record : QR code < ปิดหน้าต่าง
LEADER : 00000nam 2200000uu 4500
001    13399110263
003     ULIB
008    110427s2543||||th 000 0 tha d
020    9742934053
060  4 WM105^bส715ผ 2543
245 00 ผลการสำรวจภาวะสุขภาพจิตของประชาชนในภาวะวิกฤตเศรษฐกิจทางโทรศัพท์(วันที่ 6-10 กันยายน2542)/^cคณะผู้วิเคราะห์และนำเสนอ พิทักษ์พล บุณยมาลิก...[และคนอื่น ๆ];บรรณาธิการ วรวรรณ จุฑา,พนมศรี เสาร์สาร
260    นนทบุรี :^bกรมสุขภาพจิต กระทรวงสาธารณสุข,^c2543
300    (ก-จ), 51 หน้า
650  7 สุขภาพจิต^zไทย^xการสำรวจ
650  7 health
650  7 economic conditions
700 0  พิทักษ์พล บุณยมาลิก
700 0  พนมศรี เสาร์สาร
700 0  วรวรรณ จุฑา
710 2  กระทรวงสาธารณสุข.^bกรมสุขภาพจิต
740 0  ภาวะสุขภาพจิตของประชาชนในภาวะวิกฤตเศรษฐกิจทางโทรศัพท์
945    ^p0^l0^i012760
945    ^p0^l0^i012759
995    ทศพร
999 ^a ใช้งานได้ทุกระบบ
รายการนี้ยังไม่มีแท็ก
คุณยังไม่ได้ล็อกอิน คุณสามารถมีกิจกรรมร่วมกับเว็บไซต์ได้ แต่ต้องล็อกอินก่อน ::
  ล็อกอิน

รายการสื่อสารสนเทศ

ลำดับที่ ประเภท เลขเรียก/บาร์โค้ด สถานที่ สถานะ
- ไม่พบข้อมูล -

รายการใกล้เคียง
    หัวเรื่อง [health]

BibComment


ยังไม่เคยถูกคอมเมนท์

คอมเมนท์ทรัพยากรรายการนี้
  คอมเมนท์: ผลการสำรวจภาวะสุข..


 Copyright 2026. Bcnsprnw @Library